000 00301nam a22001337a 4500
008 170403b xxu||||| |||| 00| 0 eng d
020 _a9780065009767
041 _aeng
080 _25TH
_a574
100 _a9
101 _aSHM
245 _aECOLOGY AND FIELD BIOLOGY
_cSMITH, R.L
942 _2udc
_cBK
999 _c9551
_d9551